000 01276nam a2200217Ia 4500
999 _c35902
_d35902
001 1796
003 GE_BSU
005 20210302133150.0
008 181216s2011||||ge |||||||||||||| ||geo||
040 _cGE_BSU
041 _ageo
080 _a616.7 კ–49
100 _aკიკოლაშვილი, მანანა.
_910298
245 _aშეუღლებული არააკომოდაციური სიელმეების კომპლექსური მკურნალობის შორეული შედეგები /
_cმანანა კიკოლაშვილი.თბილისის სახელმწიფო სამედიცინო უნივერსიტეტი.
264 _aთბილისი :
_bთბილისის სახ. სამედიცინო უნ–ტი,
_c2011.
300 _a105 გვ.;
_bილუსტრაციები : ცხრილები, დიაგრამები
_c23 სმ.
520 _aრეზიუმე ინგლისურ ენაზე.
653 _aმედიცინა
653 _aსიელმეების კომპლექსური მკურნალობა
942 _cBK
_2udc